|
|
|
|
| LEADER |
00872nab a2200253 i 4500 |
| 001 |
misc64965 |
| 005 |
20240906113728.0 |
| 008 |
240223s1960 hu o 000 rus d |
| 040 |
|
|
|a SZTE Miscellanea Repozitórium
|b hun
|
| 041 |
|
|
|a rus
|
| 041 |
|
|
|a kaz
|
| 100 |
1 |
|
|a Tenišev Èdgem Rahimovič
|
| 245 |
1 |
0 |
|a Vospominaniâ želtyh ujgurov o S. E. Malove
|h [elektronikus dokumentum] /
|c Tenišev Èdgem Rahimovič
|
| 260 |
|
|
|c 1960
|
| 300 |
|
|
|a 63-65
|c 26 cm
|
| 300 |
|
|
|a [3] p.
|c 26 cm
|
| 490 |
0 |
|
|a Izvestiâ Akademii nauk Kazahskoj SSR : seriâ filologii i iskusstvovedeniâ
|
| 561 |
|
|
|a Németh Gyula hagyaték
|
| 591 |
|
|
|a NOA 5998
|
| 650 |
|
4 |
|a Bölcsészettudományok
|
| 650 |
|
4 |
|a Nyelvek és irodalom
|
| 695 |
|
|
|a Ujgur nyelvemlék
|
| 700 |
0 |
1 |
|a Malov Sergej Efimovič
|
| 856 |
4 |
0 |
|u http://misc.bibl.u-szeged.hu/64965/1/5998_noa.pdf
|z Dokumentum-elérés
|